000 00283nam a22001337a 4500
008 210302b ||||| |||| 00| 0 eng d
020 _a9780521816007
041 _aeng
080 _a53
100 _a43
101 _aFIZ
245 _aThe new Physics
_cFraser ,G
942 _2udc
_cBK
999 _c55477
_d55477